Quatrieme Congres International de Photogrammetrie tenu a Paris du 26 Novembre au 1er Decembre 1934 (Record no. 86988)

MARC details
000 -LEADER
fixed length control field 00475cam a2200169 4500
001 - CONTROL NUMBER
control field D13944
008 - FIXED-LENGTH DATA ELEMENTS--GENERAL INFORMATION
fixed length control field 090401t1936 xxu||||| |||| 00| 0 eng d
035 ## - SYSTEM CONTROL NUMBER
System control number (Sirsi) u12412
041 ## - LANGUAGE CODE
Language code of text/sound track or separate title eng
110 ## - MAIN ENTRY--CORPORATE NAME
Corporate name or jurisdiction name as entry element Societe Internationale De Photogrammetrie
9 (RLIN) 2834
245 ## - TITLE STATEMENT
Title Quatrieme Congres International de Photogrammetrie tenu a Paris du 26 Novembre au 1er Decembre 1934
260 ## - PUBLICATION, DISTRIBUTION, ETC.
Place of publication, distribution, etc. Paris
Date of publication, distribution, etc. 1936
350 ## - PRICE (NR) (BK AM CF MU VM SE) [OBSOLETE]
Price 0
520 ## - SUMMARY, ETC.
Summary, etc. Shelf 135
942 ## - ADDED ENTRY ELEMENTS (KOHA)
Suppress in OPAC 0
948 ## - LOCAL PROCESSING INFORMATION (OCLC); SERIES PART DESIGNATOR (RLIN)
c (OCLC) 04/03/1997
Holdings
Withdrawn status Lost status Source of classification or shelving scheme Damaged status Not for loan Home library Current library Shelving location Date acquired Total Checkouts Full call number Barcode Date last seen Copy number Price effective from Koha item type
    Other/Generic Classification Scheme     London London Basement 14/09/1999   SHELF 135 30022963 06/08/2019 1 06/08/2019 Reference material